000 00711nam a22001697a 4500
999 _c61187
_d61187
005 20231229111746.0
008 231229s1987 ru ||||| |||| 00| 0 rus d
041 _arus
080 _a737 Ш-21
100 _aШамба, С. М.
_920926
245 _aМонетное обращение на территории Абхазии :
_b(V в. до н.э. - XIII в. н.э.) /
_cС. М. Шамба
264 _aТбилиси :
_bМецниереба,
_c1987.
300 _a135 с. :
_bил.;
_c20 см.
653 _aმონეტების ბრუნვა აფხაზეთის ტერიტორიაზე
653 _aფულის მიმოქცევა
942 _2udc
_cᲬᲘᲒᲜᲘ